<?xml version="1.0" encoding="UTF-8"?>
<record
    xmlns:xsi="http://www.w3.org/2001/XMLSchema-instance"
    xsi:schemaLocation="http://www.loc.gov/MARC21/slim http://www.loc.gov/standards/marcxml/schema/MARC21slim.xsd"
    xmlns="http://www.loc.gov/MARC21/slim">

  <leader>01168nam a22002297a 4500</leader>
  <controlfield tag="003">SEM</controlfield>
  <datafield tag="999" ind1=" " ind2=" ">
    <subfield code="c">68259</subfield>
    <subfield code="d">68259</subfield>
  </datafield>
  <controlfield tag="005">20220608074112.0</controlfield>
  <controlfield tag="008">180815b           ||||| |||| 00| 0 arm d</controlfield>
  <datafield tag="040" ind1=" " ind2=" ">
    <subfield code="a">SEM</subfield>
    <subfield code="c">SEM</subfield>
  </datafield>
  <datafield tag="041" ind1="0" ind2=" ">
    <subfield code="a">arm.</subfield>
  </datafield>
  <datafield tag="080" ind1=" " ind2=" ">
    <subfield code="a">069.2(47.925)(026)/&#x54D;-26</subfield>
  </datafield>
  <datafield tag="245" ind1="0" ind2="0">
    <subfield code="a">&#x54D;&#x561;&#x580;&#x564;&#x561;&#x580;&#x561;&#x57A;&#x561;&#x57F;:</subfield>
    <subfield code="b">&#x548;&#x582;&#x572;&#x565;&#x581;&#x578;&#x582;&#x575;&#x581;: &#x54D;&#x561;&#x580;&#x564;&#x561;&#x580;&#x561;&#x57A;&#x561;&#x57F;&#x56B; &#x570;&#x565;&#x580;&#x578;&#x57D;&#x561;&#x574;&#x561;&#x580;&#x57F;&#x56B; &#x570;&#x578;&#x582;&#x577;&#x561;&#x570;&#x561;&#x574;&#x561;&#x56C;&#x56B;&#x580;: &#x540;&#x561;&#x575;&#x561;&#x57D;&#x57F;&#x561;&#x576;&#x56B; &#x561;&#x566;&#x563;&#x561;&#x563;&#x580;&#x578;&#x582;&#x569;&#x575;&#x561;&#x576; &#x587; &#x561;&#x566;&#x561;&#x57F;&#x561;&#x563;&#x580;&#x561;&#x56F;&#x561;&#x576; &#x57A;&#x561;&#x575;&#x584;&#x561;&#x580;&#x56B; &#x57A;&#x561;&#x57F;&#x574;&#x578;&#x582;&#x569;&#x575;&#x561;&#x576; &#x561;&#x566;&#x563;&#x561;&#x575;&#x56B;&#x576; &#x569;&#x561;&#x576;&#x563;&#x561;&#x580;&#x561;&#x576;: /</subfield>
    <subfield code="c">&#x53F;&#x561;&#x566;&#x574;.` &#x54D;. &#x544;&#x565;&#x56C;&#x56B;&#x584;&#x575;&#x561;&#x576;; &#x53C;&#x578;&#x582;&#x57D;&#x561;&#x576;&#x56F;.` &#x54D;. &#x54D;&#x565;&#x57A;&#x565;&#x57F;&#x579;&#x575;&#x561;&#x576;, &#x54E;. &#x540;&#x561;&#x56F;&#x578;&#x562;&#x575;&#x561;&#x576;; &#x53D;&#x574;&#x562;.` &#x53F;. &#x531;&#x580;&#x56B;&#x57D;&#x57F;&#x561;&#x56F;&#x565;&#x57D;&#x575;&#x561;&#x576;</subfield>
  </datafield>
  <datafield tag="246" ind1=" " ind2=" ">
    <subfield code="a">Sardarabad.</subfield>
    <subfield code="b">Guide.</subfield>
  </datafield>
  <datafield tag="260" ind1=" " ind2=" ">
    <subfield code="a">&#x535;&#x580;&#x587;&#x561;&#x576;:</subfield>
    <subfield code="b">&#xAB;&#x54F;&#x56B;&#x563;&#x580;&#x561;&#x576; &#x544;&#x565;&#x56E;&#xBB;,</subfield>
    <subfield code="c">2008.</subfield>
  </datafield>
  <datafield tag="300" ind1=" " ind2=" ">
    <subfield code="a">51 &#x567;&#x57B;;</subfield>
    <subfield code="b">&#x576;&#x56F;.;</subfield>
    <subfield code="c">23 &#x57D;&#x574;</subfield>
  </datafield>
  <datafield tag="650" ind1=" " ind2=" ">
    <subfield code="a">&#x54D;&#x561;&#x580;&#x564;&#x561;&#x580;&#x561;&#x57A;&#x561;&#x57F;</subfield>
    <subfield code="x">&#x570;&#x578;&#x582;&#x577;&#x561;&#x570;&#x561;&#x574;&#x561;&#x56C;&#x56B;&#x580;</subfield>
    <subfield code="v">&#x578;&#x582;&#x572;&#x565;&#x581;&#x578;&#x582;&#x575;&#x581;</subfield>
  </datafield>
  <datafield tag="700" ind1="1" ind2=" ">
    <subfield code="a">&#x544;&#x565;&#x56C;&#x56B;&#x584;&#x575;&#x561;&#x576; &#x54D;&#x578;&#x582;&#x57D;&#x561;&#x576;&#x576;&#x561;</subfield>
    <subfield code="e">&#x56F;&#x561;&#x566;&#x574;.</subfield>
    <subfield code="4">comp.</subfield>
  </datafield>
  <datafield tag="700" ind1="1" ind2=" ">
    <subfield code="a">&#x531;&#x580;&#x56B;&#x57D;&#x57F;&#x561;&#x56F;&#x565;&#x57D;&#x575;&#x561;&#x576; &#x53F;&#x561;&#x580;&#x565;&#x576;</subfield>
    <subfield code="e">&#x56D;&#x574;&#x562;.</subfield>
    <subfield code="4">edt.</subfield>
  </datafield>
  <datafield tag="700" ind1="1" ind2=" ">
    <subfield code="a">&#x54D;&#x565;&#x57A;&#x565;&#x57F;&#x579;&#x575;&#x561;&#x576; &#x54D;&#x561;&#x574;&#x57E;&#x565;&#x56C;</subfield>
    <subfield code="e">&#x56C;&#x578;&#x582;&#x57D;&#x561;&#x576;&#x56F;.</subfield>
    <subfield code="4">photo.</subfield>
  </datafield>
  <datafield tag="700" ind1="1" ind2=" ">
    <subfield code="a">&#x540;&#x561;&#x56F;&#x578;&#x562;&#x575;&#x561;&#x576; &#x54E;&#x57C;&#x561;&#x574;</subfield>
    <subfield code="e">&#x56C;&#x578;&#x582;&#x57D;&#x561;&#x576;&#x56F;.</subfield>
    <subfield code="4">photo.</subfield>
  </datafield>
  <datafield tag="942" ind1=" " ind2=" ">
    <subfield code="2">udc</subfield>
    <subfield code="c">BK</subfield>
  </datafield>
  <datafield tag="952" ind1=" " ind2=" ">
    <subfield code="0">0</subfield>
    <subfield code="1">0</subfield>
    <subfield code="2">udc</subfield>
    <subfield code="4">0</subfield>
    <subfield code="7">0</subfield>
    <subfield code="8">&#x533;&#x580;&#x561;&#x57A;&#x561;&#x570;&#x578;&#x581;</subfield>
    <subfield code="a">SEM</subfield>
    <subfield code="b">SEM</subfield>
    <subfield code="d">2018-08-15</subfield>
    <subfield code="g">2000.00</subfield>
    <subfield code="i">29260</subfield>
    <subfield code="l">0</subfield>
    <subfield code="o">069.2(47.925)(026)/&#x54D;-26</subfield>
    <subfield code="p">29260</subfield>
    <subfield code="r">2018-08-15</subfield>
    <subfield code="w">2018-08-15</subfield>
    <subfield code="y">BK</subfield>
    <subfield code="z">&#x54D;&#x57A;&#x561;&#x57D;&#x561;&#x580;&#x56F;&#x57E;&#x578;&#x582;&#x574; &#x567; &#x568;&#x576;&#x569;&#x565;&#x580;&#x581;&#x561;&#x57D;&#x580;&#x561;&#x570;</subfield>
  </datafield>
  <datafield tag="952" ind1=" " ind2=" ">
    <subfield code="0">0</subfield>
    <subfield code="1">0</subfield>
    <subfield code="2">udc</subfield>
    <subfield code="4">0</subfield>
    <subfield code="7">0</subfield>
    <subfield code="8">&#x533;&#x580;&#x561;&#x57A;&#x561;&#x570;&#x578;&#x581;</subfield>
    <subfield code="a">SEM</subfield>
    <subfield code="b">SEM</subfield>
    <subfield code="d">2018-08-20</subfield>
    <subfield code="g">2000.00</subfield>
    <subfield code="i">29238</subfield>
    <subfield code="l">0</subfield>
    <subfield code="o">069.2(47.925)(026)/&#x54D;-26</subfield>
    <subfield code="p">29238</subfield>
    <subfield code="r">2018-08-20</subfield>
    <subfield code="w">2018-08-20</subfield>
    <subfield code="y">BK</subfield>
    <subfield code="z">&#x54D;&#x57A;&#x561;&#x57D;&#x561;&#x580;&#x56F;&#x57E;&#x578;&#x582;&#x574; &#x567; 30 &#x585;&#x580;</subfield>
  </datafield>
</record>
